| 000 -LEADER |
| fixed length control field |
00422nam a22001577a 4500 |
| 003 - CONTROL NUMBER IDENTIFIER |
| control field |
MAJU-Karachi |
| 005 - DATE AND TIME OF LATEST TRANSACTION |
| control field |
20220630113252.0 |
| 008 - FIXED-LENGTH DATA ELEMENTS--GENERAL INFORMATION |
| fixed length control field |
220630b ||||| |||| 00| 0 eng d |
| 020 ## - INTERNATIONAL STANDARD BOOK NUMBER |
| International Standard Book Number |
9789697502073 |
| 040 ## - CATALOGING SOURCE |
| Transcribing agency |
DLC |
| 050 ## - LIBRARY OF CONGRESS CALL NUMBER |
| Classification number |
330 |
| Item number |
10410 |
| 082 ## - DEWEY DECIMAL CLASSIFICATION NUMBER |
| Classification number |
330 |
| Item number |
10410 |
| 100 ## - MAIN ENTRY--PERSONAL NAME |
| Personal name |
Azam Chaudhry |
| 245 ## - TITLE STATEMENT |
| Title |
Economic Challenges Facing Pakistan in the Regional and Global Environment 2017-2018 |
| 942 ## - ADDED ENTRY ELEMENTS (KOHA) |
| Source of classification or shelving scheme |
|
| Koha item type |
Economics |